[Event "BCF-ch"]
[Site "Brighton"]
[Date "1972.08.16"]
[Round "3"]
[White "Williams, Arthur H"]
[Black "Corden, Martyn J"]
[Result "1-0"]
[WhiteElo "2390"]
[BlackElo "2275"]

1.e4 e6 2.d4 d5 3.Nc3 Nf6 4.e5 Nfd7 5.Nf3 c5 6.dxc5 Nc6 7.Bf4 Bxc5 8.Bd3 a6
9.O-O b5 10.Re1 Qc7 11.Bg3 Bb7 12.Nxd5 Qa5 13.Nc3 Bb4 14.Ng5 Bxc3 15.bxc3 Nc5
16.Qh5 Qc7 17.Rad1 g6 18.Qf3 Qe7 19.Ne4 Nxe4 20.Bxe4 Na5 21.Bxb7 Qxb7 22.Qf6 Rg8
23.Bh4 Nc6 24.Rd6 h6 25.Rxc6 g5 26.Qf3  1-0

[Event "BCF-ch"]
[Site "Brighton"]
[Date "1972.08.18"]
[Round "5"]
[White "Pritchett, Craig William"]
[Black "Corden, Martyn J"]
[Result "1-0"]
[WhiteElo "2340"]
[BlackElo "2275"]

1.e4 e6 2.d4 d5 3.Nc3 Nf6 4.e5 Nfd7 5.f4 c5 6.Nf3 Nc6 7.Be3 a6 8.Qd2 b5 9.dxc5 Nxc5
10.Qf2 Qe7 11.a3 b4 12.axb4 Nxb4 13.Ra5 Nb7 14.Bb5+ Bd7 15.Bxd7+ Qxd7 16.Ra1 Be7
17.O-O Qc7 18.Kh1 Nc5 19.Nb5 Qc8 20.Nbd4 Ne4 21.Qe2 O-O 22.c3 Nc6 23.Ra2 Bc5
24.Rfa1 Nb8 25.Nd2 Nxd2 26.Qxd2 Bxd4 27.Bxd4 Qc4 28.Ra4 Qb5 29.Ra5 Qb7 30.R5a4 Rc8
31.b4 h6 32.h3 Nc6 33.Bc5 Qb5 34.Qa2 Nb8 35.Ra5 Qd3 36.Qa3 Qe4 37.b5 Qxf4
38.b6 Nc6 39.b7 Nxa5 40.Qxa5 Rcb8 41.bxa8=Q  1-0

[Event "WchT U26"]
[Site "Graz"]
[Date "1972.??.??"]
[Round "7"]
[White "Kristiansen, Jens"]
[Black "Borngaesser, Rene"]
[Result "1/2-1/2"]
[WhiteElo "2360"]
[BlackElo "2390"]

1.e4 e6 2.d4 d5 3.Nc3 Nf6 4.e5 Nfd7 5.f4 c5 6.Nf3 Nc6 7.Be3 cxd4 8.Nxd4 Nxd4
9.Bxd4 Nb8 10.Bd3 Nc6 11.Bf2 Be7 12.O-O O-O 13.Qh5 g6 14.Qh6 f5 15.Nb5 Rf7
16.Rae1 a6 17.Nd4 Bd7 18.Kh1 Rc8 19.c3 Nxd4 20.Bxd4 Bb5 21.Bxb5 axb5 22.a3 Bc5
23.Rd1 Bxd4 24.Rxd4 Rc4 25.Rfd1 Rfc7 26.Qh3 Rg7 27.Qd3 Qa5 28.h3 h6 29.Kh2 Kh7
30.g3 Rgc7 31.g4 Rxd4 32.Qxd4 Rc4 33.Qf2 fxg4 34.hxg4 Qa4 35.Rf1 Re4 36.Qc5 Re2+
37.Kg1 Qe4 38.Qe7+  1/2-1/2

[Event "Skopje ol (Men) prel"]
[Site "Skopje"]
[Date "1972.??.??"]
[Round "2"]
[White "Gheorghiu, Florin"]
[Black "Belkadi, Ridha"]
[Result "1/2-1/2"]
[WhiteElo "2420"]
[BlackElo "2360"]

1.d4 e6 2.e4 d5 3.Nc3 Nf6 4.e5 Nfd7 5.f4 c5 6.Nf3 Nc6 7.Be3 a6 8.Qd2 b5 9.dxc5 Nxc5
10.Bd3 Bb7 11.Qf2 Nxd3+ 12.cxd3 Be7 13.O-O O-O 14.Nd4 Nxd4 15.Bxd4 f5 16.exf6 Bxf6
17.Rae1 Qd7 18.Qe3 Rae8 19.Ne2 Bh4 20.Ng3 Bc6 21.Re2 Bf6 22.Nh5 Bxd4 23.Qxd4 Qf7
24.Re5 g6 25.Ng3 Qf6 26.Qb6 Bd7 27.Qxa6 Rf7 28.Ne2 Ref8 29.Qd6 Qh4 30.Re3 Qf6
31.Qe5 Qxe5 32.Rxe5 Ra8 33.a3 Ra4 34.Rc1 b4 35.axb4 Rxb4 36.Rc2 Rb3 37.Re3 Rb4
38.h4 Kf8 39.g3 Ke7 40.Kf2 Rf8 41.Ng1 Rfb8 42.Nf3 Rxb2 43.Ree2 Rxc2 44.Rxc2 Kd6
45.Ng5 h5 46.Nf7+ Ke7 47.Ne5 Be8 48.Rc7+ Kd6 49.Rg7 Kc5 50.Ke3 d4+ 51.Ke4 Rb1
52.Rc7+ Kd6 53.Rc8 Ke7 54.Nf3 Rb2 55.Nxd4 Rg2 56.Kf3 Rd2 57.Ke3 Rg2 58.Kf3 Rd2
59.Ke4 Rg2 60.Ke5 Rxg3 61.Rc7+ Bd7 62.Nc6+ Ke8 63.Kf6 Rg4 64.Ne5 Rxf4+ 65.Kg7 Bb5
66.Rc8+ Ke7 67.Nxg6+ Kd7 68.Nxf4 Kxc8 69.Kf6 Kd7 70.Ke5 Ke7 71.d4 Bc4 72.Nxh5 Bb3
73.Nf4 Kf7  1/2-1/2

[Event "Skopje ol (Men) prel"]
[Site "Skopje"]
[Date "1972.??.??"]
[Round "3"]
[White "Kaplan, Julio P"]
[Black "Calderon, D."]
[Result "1-0"]
[WhiteElo "2470"]
[BlackElo "2200"]

1.e4 e6 2.d4 d5 3.Nc3 Nf6 4.e5 Nfd7 5.Nf3 c5 6.dxc5 Nc6 7.Bf4 Nxc5 8.Bd3 Be7
9.O-O a6 10.Qd2 O-O 11.Bg3 b5 12.a3 Bb7 13.Ne2 Rc8 14.b4 Na4 15.Nf4 Nb2 16.Nh5 g6
17.Qh6  1-0

[Event "Skopje ol (Men) fin-D"]
[Site "Skopje"]
[Date "1972.??.??"]
[Round "6"]
[White "Kong, V."]
[Black "Giam Choo Kwee"]
[Result "0-1"]
[WhiteElo "2200"]
[BlackElo "2200"]

1.e4 e6 2.d4 d5 3.Nc3 Nf6 4.e5 Nfd7 5.f4 c5 6.Nf3 Nc6 7.Be3 cxd4 8.Nxd4 Bc5
9.Ncb5 O-O 10.a3 a6 11.b4 Nxd4 12.Nxd4 Ba7 13.c4 dxc4 14.Bxc4 Nb6 15.Bb3 Qh4+
16.g3 Qh3 17.Qf3 Nd5 18.Bxd5 exd5 19.Qxd5 Bg4 20.Nc2 Rac8 21.Ra2 Be6 22.Qe4 Bxa2
23.Bxa7 Bb1 24.Bc5 Bxc2 25.Qxb7 Rfd8 26.Kf2 h5 27.Qxa6 h4 28.Qf1 hxg3+ 29.hxg3 Rd2+
30.Ke3 Rd3+ 31.Qxd3 Qxg3+  0-1

[Event "Skopje ol (Men) prel"]
[Site "Skopje"]
[Date "1972.??.??"]
[Round "6"]
[White "Byrne, Robert E"]
[Black "Drira"]
[Result "1-0"]
[WhiteElo "2560"]
[BlackElo "2200"]

1.e4 e6 2.d4 d5 3.Nc3 Nf6 4.e5 Nfd7 5.f4 a6 6.Nf3 c5 7.Be3 Nc6 8.Qd2 b5 9.Be2 Bb7
10.O-O Be7 11.Nd1 cxd4 12.Nxd4 O-O 13.Nf2 Nc5 14.Rad1 Qd7 15.c3 Rac8 16.Bd3 Nxd3
17.Nxd3 f6 18.exf6 Bxf6 19.Nc5 Qe7 20.Ndxe6  1-0

[Event "Skopje ol (Men) fin-C"]
[Site "Skopje"]
[Date "1972.??.??"]
[Round "10"]
[White "Chavez, Romelio"]
[Black "Westerinen, Heikki MJ"]
[Result "0-1"]
[WhiteElo "2200"]
[BlackElo "2450"]

1.e4 e6 2.d4 d5 3.Nc3 Nf6 4.e5 Nfd7 5.Nf3 c5 6.Ne2 Nc6 7.c3 Be7 8.a3 O-O
9.Qd3 f6 10.Nf4 Ncxe5 11.dxe5 fxe5 12.Nxe5 Nxe5 13.Qh3 Bg5 14.Nd3 Bxc1 15.Rxc1 Qg5
16.f4 Nxd3+ 17.Bxd3 Rxf4 18.Qxh7+ Kf7 19.Rc2 e5 20.Rf1 c4 21.g3 Rxf1+ 22.Kxf1 cxd3
23.Rf2+ Ke7 24.Qh8 Bg4 25.Qxa8 Bh3+ 26.Rg2 Qc1+  0-1

[Event "Skopje ol (Men) fin-C"]
[Site "Skopje"]
[Date "1972.??.??"]
[Round "12"]
[White "Pritchett, Craig William"]
[Black "Kchouk, Bechir"]
[Result "1-0"]
[WhiteElo "2340"]
[BlackElo "2200"]

1.e4 e6 2.d4 d5 3.Nc3 Nf6 4.e5 Nfd7 5.f4 c5 6.Nf3 Nc6 7.Be3 Be7 8.Qd2 a6
9.dxc5 Nxc5 10.O-O-O b5 11.Qf2 Nd7 12.Qg3 g6 13.h4 h5 14.Ng5 Nf8 15.Qf2 Rb8
16.Kb1 Qa5 17.Rh3 b4 18.Ne2 Qc7 19.Nc1 a5 20.Be2 a4 21.Bc5 Bxc5 22.Qxc5 Nd7
23.Qg1 Na5 24.g4 hxg4 25.Qxg4 Nc5 26.h5 gxh5 27.Rxh5 Rxh5 28.Qxh5 Qe7 29.Nd3 Nxd3
30.Bxd3 Nc6 31.Nxf7 Kd7 32.Nd6 Kc7 33.Qf3 Bd7 34.Qf2 Qf8 35.Bb5 Rb6 36.Bxc6 Bxc6
37.Rh1 Qg8 38.Rg1 Qh7 39.Qc5 Rb8 40.Qa7+ Bb7 41.Nb5+  1-0

[Event "Lone Pine"]
[Site "Lone Pine"]
[Date "1975.??.??"]
[Round "10"]
[White "Schmid, Lothar"]
[Black "Berry, Jonathan"]
[Result "1/2-1/2"]
[WhiteElo "2540"]
[BlackElo "2240"]

1.e4 e6 2.d4 d5 3.Nc3 Nf6 4.e5 Nfd7 5.f4 c5 6.dxc5 Nc6 7.a3 Bxc5 8.Qg4 O-O
9.Nf3 f5 10.Qh3 Nd4 11.Nxd4 Bxd4 12.Nb5 Bb6 13.Be3 Nc5 14.O-O-O Bd7 15.Nd4 Rc8
16.Kb1 Qe7 17.g4 fxg4 18.Qxg4 Be8 19.f5 Kh8 20.Rg1 Ne4 21.fxe6 Bg6 22.Bd3 Bc5
23.Qh3 Kg8 24.Rg2 Qc7 25.Nb3 Bf5 26.Qf3 Bxe6 27.Qe2 Bxe3 28.Qxe3 Qxe5 29.Qxa7 Bh3
30.Rgg1 Rf7 31.Rde1 Qxh2 32.Qd4 Nf2 33.Rg5 Nxd3 34.Qxd3 Qf2 35.Rge5 Bg2 36.R5e2 Be4  1/2-1/2

[Event "URS-chT"]
[Site "Riga"]
[Date "1975.??.??"]
[Round "?"]
[White "Chekhova Kostina, Tatiana M"]
[Black "Shlepneva, T."]
[Result "1-0"]
[WhiteElo "2000"]
[BlackElo "2000"]

1.e4 e6 2.d4 d5 3.Nc3 Nf6 4.e5 Nfd7 5.f4 c5 6.Nf3 Nc6 7.Be3 Be7 8.Be2 O-O
9.dxc5 Bxc5 10.Bxc5 Nxc5 11.Nb5 Ne4 12.Nbd4 Qb6 13.Rb1 f6 14.c3 fxe5 15.fxe5 Nxd4
16.Qxd4 Qa5 17.O-O Bd7 18.c4 Qxa2 19.Bd3 Bc6 20.b4 Qa4 21.b5 Be8 22.Bxe4 dxe4
23.Ng5 Rxf1+ 24.Rxf1 Bxb5 25.Qxe4 g6 26.Qxb7  1-0

[Event "URS-chT"]
[Site "Riga"]
[Date "1975.??.??"]
[Round "?"]
[White "Husenov, U."]
[Black "Kolpakov, M."]
[Result "1-0"]
[WhiteElo "2200"]
[BlackElo "2200"]

1.e4 e6 2.d4 d5 3.Nc3 Nf6 4.e5 Nfd7 5.f4 c5 6.Nf3 Nc6 7.Be3 Qb6 8.Na4 Qa5+
9.c3 cxd4 10.b4 Qd8 11.Nxd4 Nxd4 12.Bxd4 Nb8 13.a3 Nc6 14.Bb5 Bd7 15.Bxc6 Bxc6
16.O-O Be7 17.Nc5 b6 18.Nd3 g6 19.a4 O-O 20.Qg4 Qe8 21.a5 Bb5 22.Qh3 Qc6
23.Rf3 Bxd3 24.Rxd3 Qc4 25.Qe3 Bd8 26.g4 bxa5 27.bxa5 Be7 28.f5 Rfc8 29.Qd2 Bf8
30.Rh3 Rab8 31.Rf1 Rb7 32.Qf2 Bg7 33.g5 gxf5 34.Qh4 Rcb8 35.Qxh7+ Kf8 36.g6 Rb1
37.Rf3 Rxf1+ 38.Rxf1 Rb7 39.a6 Rb2 40.gxf7 Kxf7 41.Qh5+ Kf8 42.Qg6 Qc8 43.h4 Rb5
44.h5 Qe8 45.Qg5 Qe7 46.Qxe7+ Kxe7 47.Ra1 Kd7 48.Bxa7 Bxe5 49.Bd4  1-0

[Event "NLD-ch"]
[Site "Leeuwarden"]
[Date "1976.??.??"]
[Round "?"]
[White "Ree, Hans"]
[Black "Donner, Jan Hein"]
[Result "1/2-1/2"]
[WhiteElo "2420"]
[BlackElo "2475"]

1.e4 e6 2.d4 d5 3.Nc3 Nf6 4.e5 Nfd7 5.f4 c5 6.Nf3 Nc6 7.Be3 cxd4 8.Nxd4 Nb6
9.Qd2 Bd7 10.Bd3 Nxd4 11.Bxd4 Nc4 12.Bxc4 dxc4 13.O-O-O Be7 14.Qf2 Qa5 15.Kb1 Bc6
16.f5 exf5 17.Qxf5 O-O 18.Ne4 Qd5 19.Rhe1 Qe6 20.Qf4 Rfd8 21.Bc3 Rxd1+ 22.Rxd1 Rd8
23.Rxd8+ Bxd8 24.a3 Bc7 25.g3 Bd7 26.Nd6 Bxd6 27.exd6 b6 28.g4  1/2-1/2

[Event "Majdanpek"]
[Site "Majdanpek"]
[Date "1976.??.??"]
[Round "11"]
[White "Knezevic, Milorad"]
[Black "Raicevic, Vladimir"]
[Result "1-0"]
[WhiteElo "2460"]
[BlackElo "2465"]

1.e4 e6 2.d4 d5 3.Nc3 Nf6 4.e5 Nfd7 5.Nf3 c5 6.dxc5 Nc6 7.Bf4 Bxc5 8.Bd3 Qb6
9.O-O Be7 10.Re1 a6 11.a3 h6 12.h4 Nc5 13.b4 Nxd3 14.Qxd3 Qd8 15.h5 Bd7 16.Na4 Nb8
17.Nc5 Bb5 18.Qe3 Qc8 19.Nb3 Nc6 20.Nfd2 Qc7 21.a4 Bc4 22.c3 Bxb3 23.Nxb3 Rc8
24.b5 Nb8 25.c4 dxc4 26.Nd2 Qd8 27.Qg3 Bg5 28.Ne4 Bxf4 29.Qxg7 Rf8 30.Rad1 Nd7
31.Nf6+ Nxf6 32.Rxd8+ Rxd8 33.exf6  1-0

[Event "SVK-ch"]
[Site "Detva"]
[Date "1977.??.??"]
[Round "4"]
[White "Banas, Jan"]
[Black "Harasta, Vladimir"]
[Result "1/2-1/2"]
[WhiteElo "2330"]
[BlackElo "2180"]

1.e4 e6 2.d4 d5 3.Nc3 Nf6 4.e5 Nfd7 5.f4 c5 6.Nf3 a6 7.Be3 Nc6 8.Qd2 b5 9.g3 Be7
10.Qf2 cxd4 11.Nxd4 Nxd4 12.Bxd4 b4 13.Na4 Bb7 14.Bd3 g6 15.h4 h5 16.Nb6 Nxb6
17.Bxb6 Qd7 18.Bd4 Bc6 19.O-O Bb5 20.Bc5 Bxc5 21.Qxc5 Bxd3 22.cxd3 Qa7 23.Rfc1 Kd7
24.d4  1/2-1/2

[Event "JUG-ch"]
[Site "Zagreb"]
[Date "1977.??.??"]
[Round "3"]
[White "Minic, Dragoljub"]
[Black "Kovacevic, Vlatko"]
[Result "0-1"]
[WhiteElo "2470"]
[BlackElo "2495"]

1.e4 e6 2.d4 d5 3.Nc3 Nf6 4.e5 Nfd7 5.f4 c5 6.Nf3 Nc6 7.Be3 a6 8.Qd2 b5 9.Be2 Qb6
10.O-O cxd4 11.Nxd4 Bc5 12.Rad1 Bb7 13.Bf2 Nxd4 14.Bxd4 Bxd4+ 15.Qxd4 Rc8
16.a3 Ke7 17.Rf2 Qxd4 18.Rxd4 Nb6 19.a4 Nxa4 20.Nxa4 bxa4 21.Rb4 Bc6 22.Rb6 Bd7
23.Bxa6 Rb8 24.Rxb8 Rxb8 25.c3 h6 26.Rd2 Rb3 27.Rc2 g5 28.g3 gxf4 29.gxf4 a3
30.bxa3 Rxa3 31.Be2 Ba4 32.Rc1 Ra2 33.Kf1 Bc2 34.Ke1 Kd7 35.Kd2 Bg6+ 36.Ke3 Kc6
37.h4 Kc5 38.h5 Bf5 39.Bf1 Bg4 40.Bd3 Rh2 41.Rg1 Rh3+ 42.Kd2 Bxh5 43.Rg8 Rf3
44.Rc8+ Kb6 45.f5 exf5 46.Rh8 Bg4 47.Rxh6+ Kc5 48.Rf6 d4 49.c4 Bh5 50.Rh6 Rf2+
51.Ke1 Rh2 52.Bxf5 Re2+ 53.Kf1 Bf3 54.e6 Re5 55.Rf6 fxe6 56.Bxe6 Be2+ 57.Kf2 Bd3
58.Bg4 Kxc4 59.Rc6+ Kb4 60.Re6 Ra5 61.Rb6+ Kc3 62.Rc6+ Kd2 63.Rd6 Ra4 64.Bf3 Bb5
65.Rb6 Bc4 66.Rd6 Kc3 67.Be4 Ra2+ 68.Kf3 Be2+ 69.Kf4 Bd3 70.Rc6+ Kd2 71.Rh6 Ra7
72.Ke5 Re7+ 73.Kxd4 Rxe4+ 74.Kd5 Kc3 75.Rc6+ Kd2 76.Rh6 Ra4 77.Ke5 Kc3 78.Rc6+ Bc4
79.Rh6 Ra5+ 80.Kf4 Kd4 81.Rh4 Bd5 82.Rh2 Be4 83.Rb2 Rf5+ 84.Kg4 Rf8 85.Rb4+ Ke3
86.Rb3+ Kd4 87.Rb4+ Ke5 88.Rb5+ Bd5 89.Kg3 Rg8+ 90.Kf2 Kd4 91.Ra5 Rg2+ 92.Kf1 Rc2
93.Kg1 Be4 94.Ra4+ Ke3 95.Ra3+ Bd3 96.Ra7 Rd2 97.Ra8 Be4 98.Ra3+ Kf4 99.Ra7 Bf3
100.Rf7+ Ke3 101.Re7+ Be4 102.Ra7 Rg2+ 103.Kf1 Rg5 104.Re7 Ra5 105.Kg1 Rh5  0-1

[Event "Rubinstein mem"]
[Site "Polanica Zdroj"]
[Date "1978.??.??"]
[Round "2"]
[White "Diesen, Mark C"]
[Black "Bednarski, Jacek B"]
[Result "1-0"]
[WhiteElo "2220"]
[BlackElo "2365"]

1.e4 e6 2.d4 d5 3.Nc3 Nf6 4.e5 Nfd7 5.f4 c5 6.Nf3 Nc6 7.Be3 cxd4 8.Nxd4 Nxd4
9.Bxd4 Nb8 10.Bd3 Nc6 11.Bf2 g5 12.g3 h5 13.Qe2 Bd7 14.a3 a6 15.O-O h4 16.f5 hxg3
17.hxg3 Qc7 18.Rfe1 O-O-O 19.Na4 d4 20.c3 Nb8 21.cxd4 Bxa4 22.Rac1 Bc6 23.Be4 Kd7
24.Qg4 Qa5 25.b4 Bxe4 26.Rxe4 Qd5 27.Be3 Nc6 28.Rf1 Be7 29.Rb1 Rc8 30.Bf2 Nd8
31.a4 Rc2 32.f6 Bf8 33.Rf1 Nc6 34.b5 axb5 35.axb5 Nb4 36.Qf3 Qxb5 37.d5 Nxd5
38.Rd1 Qc6 39.Qd3 Bc5 40.Qxc2 Bxf2+ 41.Qxf2 Ke8 42.Qd2 Rh5 43.Rc1 Qb6+ 44.Kg2 g4
45.Qc2 Qd8 46.Qa4+ Kf8 47.Qa3+ Ke8 48.Qa4+ Kf8 49.Qd4 Rg5 50.Re2 Kg8 51.Rec2  1-0

[Event "AUT-ch"]
[Site "AUT"]
[Date "1979.??.??"]
[Round "3"]
[White "Nagel, Herbert"]
[Black "Stoppel, Franz"]
[Result "1/2-1/2"]
[WhiteElo "2200"]
[BlackElo "2340"]

1.e4 e6 2.d4 d5 3.Nc3 Nf6 4.e5 Nfd7 5.Nce2 c5 6.c3 b6 7.f4 g6 8.Nf3 Be7 9.g3 Ba6
10.a3 Nc6 11.Be3 Na5 12.Bf2 Qc8 13.Nc1 Bxf1 14.Kxf1 c4 15.Kg2 h5 16.h3 Kd8
17.Ne2 Kc7 18.Qc2 Qf8 19.g4 Qh6 20.Rag1 Rag8 21.Be3 Qf8 22.Ng3 Nc6 23.gxh5 gxh5
24.Kf1 f5 25.exf6 Qxf6 26.Ke1 Nf8 27.Ng5 Bd6 28.Qf2 h4 29.Ne2 Ne7 30.Nf3 Nf5
31.Bc1 Nd7 32.Ne5 Nf8 33.Rg4 Rxg4 34.hxg4 Ng3 35.Rh3 Ne4 36.Qh2 Ng6 37.Nxg6 Qxg6
38.Rxh4 Rxh4 39.Qxh4 Nf6 40.Qg5 Qxg5 41.fxg5 Nxg4 42.Nf4 Kd7 43.Ke2 e5 44.Nxd5 exd4
45.cxd4 Ke6 46.Nc3 Kf5 47.Nb5 Bb8 48.a4 Ke4 49.g6 Nf6 50.Be3 Kf5 51.g7 Kg6
52.Na3 Kxg7 53.Nxc4 Kf7 54.Kd3 Ke6 55.Na3 Nd5 56.Bd2 Bd6 57.Nb5 a6 58.Nc3 Nxc3
59.bxc3 b5 60.axb5 axb5 61.Ke4 Bh2 62.Bc1 Bd6 63.Bb2 Bf8 64.Bc1 Be7 65.Bf4 Ba3
66.Bc7 Bf8 67.Ba5 Bg7 68.Bb4 Bf6 69.Bc5 Bg7 70.Ba3 Bf6 71.Bf8 Bh8 72.Bh6 Bf6
73.Bf8 Bh4 74.Bc5 Bf6 75.d5+ Kd7 76.Kd3 Be5 77.Kc2 Bg7 78.Kb3  1/2-1/2

[Event "Munich"]
[Site "Munich"]
[Date "1979.??.??"]
[Round "?"]
[White "Sigurjonsson, Gudmundur"]
[Black "Unzicker, Wolfgang"]
[Result "1/2-1/2"]
[WhiteElo "2490"]
[BlackElo "2530"]

1.e4 e6 2.d4 d5 3.Nc3 Nf6 4.e5 Nfd7 5.f4 c5 6.Nf3 Nc6 7.Be3 Be7 8.Be2 O-O
9.O-O cxd4 10.Nxd4 Nxd4 11.Bxd4 Nb8 12.Bf2 Nc6 13.Nb5 a6 14.Nd4 Bd7 15.c3 Nxd4
16.Bxd4 Qc7 17.Qe1 Bc5 18.Rd1 Rac8 19.Rf3 Qb6 20.Bxc5 Rxc5 21.Qf2  1/2-1/2

[Event "URS Spartakiad"]
[Site "URS"]
[Date "1979.??.??"]
[Round "?"]
[White "Shevelev, Sergei"]
[Black "Nurmamedov, Mammed"]
[Result "1-0"]
[WhiteElo "2200"]
[BlackElo "2200"]

1.e4 e6 2.d4 d5 3.Nc3 Nf6 4.e5 Nfd7 5.f4 c5 6.Nf3 Nc6 7.Be3 a6 8.Be2 Qc7
9.O-O g6 10.Kh1 b6 11.Qe1 Bb7 12.Rd1 Be7 13.Qg3 O-O-O 14.Qf2 h6 15.Nb1 Kb8
16.c3 Rdg8 17.Ne1 f5 18.exf6 Nxf6 19.Nd2 g5 20.Nd3 cxd4 21.cxd4 Bd6 22.Rc1 gxf4
23.Nxf4 Ng4 24.Bxg4 Rxg4 25.h3 Rgg8 26.Nxe6 Qe7 27.Nf4 Rf8 28.g3 Rhg8 29.Rce1 Nb4
30.Nf3 Qh7 31.Kh2 Qd7 32.a3 Bc8 33.Ne5 Bxe5 34.dxe5 Nd3 35.e6 Qc6 36.Qd2 Nxe1
37.Rxe1 Bb7 38.Qd4 Ka7 39.h4 Qd6 40.b4 Rc8 41.h5 Rc2+ 42.Bf2 Re8 43.e7 Rc4
44.Qg7 Re4 45.Rxe4 dxe4 46.Qg6 Qxg6 47.Nxg6 e3 48.Bxe3 Bf3 49.Bxh6 Bxh5 50.Ne5 Rc8
51.g4 Be8 52.g5 Rc2+ 53.Kg3 Re2 54.Kf4 Rf2+ 55.Ke4 Re2+ 56.Kf4 Rf2+ 57.Ke3 Rg2
58.Kf3 Rc2 59.g6 Rc8 60.Bf8  1-0

[Event "Esbjerg-B"]
[Site "Esbjerg"]
[Date "1980.??.??"]
[Round "12"]
[White "Fleck, Juergen"]
[Black "Bednarski, Jacek B"]
[Result "0-1"]
[WhiteElo "2310"]
[BlackElo "2385"]

1.e4 e6 2.d4 d5 3.Nc3 Nf6 4.e5 Nfd7 5.f4 c5 6.Nf3 Nc6 7.Be3 cxd4 8.Nxd4 Nb6
9.Bd3 Bd7 10.Qe2 Rc8 11.O-O Nc4 12.f5 Nxe3 13.fxe6 Bxe6 14.Nxe6 fxe6 15.Qxe3 Qb6
16.Qxb6 axb6 17.Bb5 Bc5+ 18.Kh1 Ke7 19.Bxc6 bxc6 20.Ne2 Rhf8 21.Nf4 Ra8 22.a3 Ra4
23.Nd3 Rxf1+ 24.Rxf1 Re4 25.c3 Re2 26.a4 Rd2 27.Nxc5 bxc5 28.Rb1 c4 29.Kg1 Kd7
30.a5 Kc7 31.Rf1 Rxb2 32.Rf7+ Kb8 33.Re7 d4 34.cxd4 c3 35.Rxe6 Kc7  0-1

[Event "Bochum"]
[Site "Bochum"]
[Date "1981.??.??"]
[Round "?"]
[White "Ghinda, Mihail Viorel"]
[Black "Westerinen, Heikki MJ"]
[Result "0-1"]
[WhiteElo "2450"]
[BlackElo "2420"]

1.e4 e6 2.Nc3 d5 3.d4 Nf6 4.e5 Nfd7 5.f4 c5 6.Nf3 Nc6 7.Ne2 cxd4 8.Nexd4 Nxd4
9.Nxd4 Nc5 10.c3 Bd7 11.Be2 Qb6 12.a4 Be7 13.O-O O-O 14.a5 Qc7 15.Be3 f6
16.exf6 Rxf6 17.a6 bxa6 18.f5 Bd6 19.h3 Ne4 20.Rf3 Rb8 21.fxe6 Be8 22.Rxf6 gxf6
23.Bf3 Rxb2 24.Bxe4 dxe4 25.Nf5 Bc5 26.Qd5 Bxe3+ 27.Nxe3 Qxc3 28.e7+ Kh8
29.Qd8 Rb8 30.Qxb8 Qxa1+ 31.Kh2 Qe5+ 32.Qxe5 fxe5 33.Nf5 a5 34.Nd6 Bc6 35.Nf7+ Kg7
36.Nxe5 Be8 37.Nc4 Kf6 38.Kg3 a4 39.Kf4 Kxe7 40.g4 Bf7 41.Na3 Bd5 42.h4 Kd6
43.g5 Kc5 44.Nc2 Bf7 45.Ke3 Kc4 46.Kd2 Kb3 47.Kc1 Kc3 48.Ne3 a3 49.Nd1+ Kd4
50.Kd2 a2 51.Ne3 Bb3  0-1

[Event "Caorle op"]
[Site "Caorle"]
[Date "1981.??.??"]
[Round "2"]
[White "Boll, P."]
[Black "Ragazzini, C."]
[Result "1-0"]
[WhiteElo "2250"]
[BlackElo "1900"]

1.e4 e6 2.d4 d5 3.Nc3 Nf6 4.e5 Nfd7 5.f4 c5 6.Nf3 Nc6 7.Be3 cxd4 8.Nxd4 Bb4
9.Qg4 Nxd4 10.Bxd4 g6 11.Qf3 Qa5 12.Be2 b6 13.O-O-O Bxc3 14.Qxc3 Qxc3 15.Bxc3 a5
16.Bd4 Ba6 17.Bf3 Ke7 18.g4 Rhc8 19.h4 Ra7 20.h5 Rac7 21.Rd2 a4 22.hxg6 hxg6
23.Rh7 Nc5 24.f5 gxf5 25.gxf5 Kf8 26.Bxc5+ bxc5 27.f6 Ke8 28.Rg2 Bb5 29.Rg8+ Kd7
30.Rxf7+ Kc6 31.Rxc7+ Rxc7 32.Rg7 Rc8 33.Bg4 Rh8 34.Bxe6 Be2 35.Bd7+ Kb6
36.Bxa4 d4 37.b3 c4 38.bxc4 Bxc4 39.Bb3  1-0

[Event "Caorle op"]
[Site "Caorle"]
[Date "1981.??.??"]
[Round "5"]
[White "Ragazzini, C."]
[Black "D'Amore, Carlo"]
[Result "1-0"]
[WhiteElo "1900"]
[BlackElo "2250"]

1.e4 e6 2.d4 d5 3.Nc3 Nf6 4.e5 Nfd7 5.f4 c5 6.Nf3 Nc6 7.Be3 cxd4 8.Nxd4 Bb4
9.Be2 Qa5 10.O-O Bxc3 11.bxc3 Qxc3 12.Rf3 Nxd4 13.Bxd4 Qc7 14.Rg3 g6 15.Rc3 Qd8
16.f5 b6 17.f6 Bb7 18.Qd2 h5 19.Bd3 Rc8 20.Rb1 Rxc3 21.Qxc3 h4 22.Qa3 Rh5
23.Qd6 Nxf6 24.Qxd8+ Kxd8 25.exf6 e5 26.Bf2 g5 27.Be2 Rh6 28.Be3 d4 29.Bc1 Kc7
30.Rb5 Kd6 31.Ba3+ Ke6 32.Be7  1-0

[Event "Tuzla"]
[Site "Tuzla"]
[Date "1981.??.??"]
[Round "3"]
[White "Stoica, Valentin"]
[Black "Sprecic, Mustafa"]
[Result "1-0"]
[WhiteElo "2415"]
[BlackElo "2310"]

1.e4 e6 2.d4 d5 3.Nc3 Nf6 4.e5 Nfd7 5.f4 c5 6.Nf3 Nc6 7.Be3 a6 8.Qd2 cxd4
9.Nxd4 Bb4 10.Bd3 Qa5 11.O-O Nxd4 12.Bxd4 Bc5 13.Qf2 Bxd4 14.Qxd4 Qc5 15.Ne2 f6
16.Rae1 Ke7 17.Rf3 f5 18.c4 dxc4 19.Bxc4 Qxd4+ 20.Nxd4 Nc5 21.b4 Ne4 22.Rd1 Bd7
23.Rfd3 Bc8 24.Bb3 g5 25.Rc1 Rd8 26.Rc7+ Rd7 27.Nxe6 gxf4 28.Rdxd7+ Bxd7
29.Nxf4 Kd8 30.Rxb7 a5 31.e6 Bc6 32.Rxh7 axb4 33.Bd5 Ra6 34.e7+ Kd7 35.Rh6 Bb5
36.Rh7 Bc6 37.Bf7 Kd6 38.e8=Q Bxe8 39.Rh6+ Kc5 40.Rxa6 Bxf7 41.h4 Nc3 42.h5 Bc4
43.h6 Bxa6 44.h7 Bc4 45.h8=Q Bxa2 46.Qe5+ Kc4 47.Qe6+ Kd4 48.Qxf5 Bb1 49.Ne6+ Kc4
50.Qc5+ Kb3 51.Nd4+ Ka3 52.Qa5+  1-0

[Event "Luzern ol (Men)"]
[Site "Luzern"]
[Date "1982.??.??"]
[Round "11"]
[White "Gavrilakis, Nikolaos"]
[Black "Villarreal, Jose"]
[Result "1-0"]
[WhiteElo "2295"]
[BlackElo "2415"]

1.e4 e6 2.d4 d5 3.Nc3 Nf6 4.e5 Nfd7 5.f4 c5 6.Nf3 Nc6 7.Be3 Qa5 8.Be2 cxd4
9.Nxd4 Bb4 10.O-O a6 11.Nb3 Qc7 12.Bd3 Nb6 13.Qg4 g6 14.Ne2 Nc4 15.Bxc4 dxc4
16.Nbd4 Bd7 17.Qh4 h5 18.c3 Be7 19.Qf2 b5 20.Nf3 Nb8 21.Ng5 Bc6 22.Bc5 Bxc5
23.Qxc5 Qa7 24.Qf2 Qxf2+ 25.Rxf2 Ke7 26.Nd4 Rd8 27.Rd2 Bd5 28.Rad1 Ra7 29.Kf2 Nd7
30.Nc2 Nc5 31.Ke3 a5 32.Nd4 Rb8 33.f5 f6 34.exf6+ Kxf6 35.Ngxe6 Ne4 36.Nxb5 Nxd2
37.Nxa7 Rb7 38.Nf4 Bf7 39.Nc6 g5 40.Ne2 Bd5 41.Rxd2  1-0

[Event "Marshall CC-ch"]
[Site "New York"]
[Date "1983.??.??"]
[Round "3"]
[White "Taylor, Timothy"]
[Black "Barth, Jeremy"]
[Result "1/2-1/2"]
[WhiteElo "2520"]
[BlackElo "2345"]

1.e4 e6 2.d4 d5 3.Nc3 Nf6 4.e5 Nfd7 5.f4 c5 6.Nf3 Nc6 7.Be3 cxd4 8.Nxd4 Nxd4
9.Bxd4 Nb8 10.Bd3 Nc6 11.Bf2 Qa5 12.O-O Bc5 13.Nb5 Bxf2+ 14.Rxf2 O-O 15.Qh5 g6
16.Qh6 Nb4 17.Nd6 Qc5 18.Re1 Nxd3 19.cxd3 b6 20.g4 Qd4 21.g5 Qxd3 22.f5 exf5
23.Rf4 Qd2 24.Rh4 Qxe1+ 25.Kg2 Qe2+ 26.Kg1 Qd1+ 27.Kf2 Qd2+ 28.Kf3 Qd3+ 29.Kf2 Qc2+
30.Kf3 Qd1+ 31.Kf2  1/2-1/2

[Event "BCF-ch"]
[Site "Southport"]
[Date "1983.??.??"]
[Round "5"]
[White "Ady, Jonathan James"]
[Black "Cox, John J"]
[Result "0-1"]
[WhiteElo "2270"]
[BlackElo "2355"]

1.e4 e6 2.d4 d5 3.Nc3 Nf6 4.e5 Nfd7 5.f4 c5 6.Nf3 Nc6 7.Be3 cxd4 8.Nxd4 Qb6
9.Ncb5 Bc5 10.Nxc6 bxc6 11.Nd6+ Ke7 12.Bxc5 Nxc5 13.Qd4 Nb7 14.Qc3 Qc5 15.Qxc5 Nxc5
16.O-O-O f6 17.Bd3 a5 18.Rhe1 Ba6 19.Bxa6 Rxa6 20.Re3 Nd7 21.Rde1 fxe5 22.fxe5 Rf8
23.Rh3 Nxe5 24.Rxe5 Kxd6 25.Rg5 Ra7 26.Rxh7 Rf1+ 27.Kd2 Raf7 28.Rhxg7 R7f2+
29.Kc3 Rc1 30.h4 Rcxc2+ 31.Kd3 Rxb2 32.h5 Rxa2  0-1

[Event "Aarhus-A"]
[Site "Aarhus"]
[Date "1984.??.??"]
[Round "8"]
[White "Rasmussen, Karsten"]
[Black "Knudsen, Per"]
[Result "1/2-1/2"]
[WhiteElo "2200"]
[BlackElo "2295"]

1.e4 e6 2.d4 d5 3.Nc3 Nf6 4.e5 Nfd7 5.f4 c5 6.Nf3 Nc6 7.Be3 f5 8.Be2 Be7
9.O-O O-O 10.dxc5 Nxc5 11.Nb5 a6 12.Nbd4 Nxd4 13.Nxd4 b5 14.Nc6 Qc7 15.Nxe7+ Qxe7
16.Qd4 Ne4 17.c3 Bd7 18.Rac1 Rfc8 19.Rfd1 Be8 20.b3 Rc7 21.Bf3 Rac8 22.Bxe4  1/2-1/2

[Event "Augsburg"]
[Site "Augsburg"]
[Date "1984.??.??"]
[Round "?"]
[White "Fleck, Juergen"]
[Black "Seyb, Dieter"]
[Result "1/2-1/2"]
[WhiteElo "2400"]
[BlackElo "2310"]

1.e4 e6 2.d4 d5 3.Nc3 Nf6 4.e5 Nfd7 5.f4 c5 6.Nf3 Nc6 7.Be3 Qb6 8.a3 cxd4
9.Nxd4 Nxd4 10.Bxd4 Bc5 11.Nb5 O-O 12.Bxc5 Nxc5 13.Qd4 Bd7 14.Nd6 f6 15.b4 Na4
16.Qxb6 Nxb6 17.Bd3 Rab8 18.Rf1 Nc8 19.Nxc8 Rbxc8 20.Kd2 Be8 21.Rae1 f5 22.Rc1 Kf7
23.g3 a6 24.c4 dxc4 25.Bxc4 Bb5 26.Bxb5 axb5 27.Rxc8 Rxc8 28.Rf3  1/2-1/2

[Event "Beersheba"]
[Site "Beersheba"]
[Date "1984.??.??"]
[Round "10"]
[White "Murrey, Jacob"]
[Black "Kortschnoj, Viktor"]
[Result "1/2-1/2"]
[WhiteElo "2435"]
[BlackElo "2635"]

1.e4 e6 2.d4 d5 3.Nc3 Nf6 4.e5 Nfd7 5.f4 c5 6.Nf3 Nc6 7.Be3 a6 8.a3 c4 9.Ne2 h5
10.Ng5 Ne7 11.Bf2 Qa5+ 12.Qd2 Qxd2+ 13.Kxd2 b5 14.Nc3 Nb6 15.Be2 Bd7 16.g3 Ng6
17.Be3 f6 18.Nf3 Kf7 19.Ke1 Ne7 20.Kf2 Nf5 21.Bd2 Be7 22.Nd1 a5 23.b3 b4
24.axb4 axb4 25.Ne3 Nxe3 26.Bxe3 f5 27.Nd2 c3 28.Nf3 g6 29.h3 Rxa1 30.Rxa1 Ra8
31.Rxa8 Nxa8 32.Ng5+ Kg7 33.Bd3 Nc7 34.Kf3 Bxg5 35.fxg5 Bb5 36.Bxb5 Nxb5
37.Ke2 Kf7 38.Kd3 Ke7 39.Bf4 Kd7 40.Be3 Kc6  1/2-1/2